Normal view
MARC view
Entry Personal Name
001 - CONTROL NUMBER
- control field: 38129
003 - CONTROL NUMBER IDENTIFIER
- control field: ARRUPE
005 - DATE AND TIME OF LATEST TRANSACTION
- control field: 20171208115455.0
008 - FIXED-LENGTH DATA ELEMENTS
- fixed length control field: 171208|| aca||aabn | a|a d
040 ## - CATALOGING SOURCE
- Original cataloging agency: ARRUPE
- Transcribing agency: ARRUPE
100 ## - HEADING--PERSONAL NAME
- Personal name: Ellert, H
670 ## - SOURCE DATA FOUND
- Source citation: Work cat.: (ARRUPE)12737: Ellert, H, The material culture of Zimbabwe, 1984